Влияние ионного облучения на электрические характеристики поверхности диэлектриков; Тезисы докладов 6 Всесоюзной конференции по физике диэлектриков (Томск, 23-25 ноября, 1988)

Opis bibliograficzny
Parent link:Тезисы докладов 6 Всесоюзной конференции по физике диэлектриков (Томск, 23-25 ноября, 1988).— 1988.— С. 126-127
1. autor: Пичугин В. Ф. Владимир Федорович
Kolejni autorzy: Федоров А. Н.
Język:rosyjski
Wydane: 1988
Hasła przedmiotowe:
Format: Rozdział
KOHA link:https://koha.lib.tpu.ru/cgi-bin/koha/opac-detail.pl?biblionumber=237076

MARC

LEADER 00000naa0a2200000 4500
001 237076
005 20250115142032.0
035 |a (RuTPU)RU\TPU\book\258246 
035 |a RU\TPU\tpu\12305 
090 |a 237076 
100 |a 20130508d1988 k y0rusy50 ca 
101 0 |a rus 
102 |a RU 
200 1 |a Влияние ионного облучения на электрические характеристики поверхности диэлектриков  |f В. Ф. Пичугин, А. Н. Федоров 
463 |t Тезисы докладов 6 Всесоюзной конференции по физике диэлектриков (Томск, 23-25 ноября, 1988)  |v С. 126-127  |d 1988 
610 1 |a ионное облучение 
610 1 |a электрические характеристики 
610 1 |a поверхность 
610 1 |a диэлектрики 
610 1 |a труды учёных ТПУ 
700 1 |a Пичугин  |b В. Ф.  |c российский физик  |c профессор Томского политехнического университета, доктор физико-математических наук  |f 1944-  |g Владимир Федорович  |3 (RuTPU)RU\TPU\pers\25824 
701 1 |a Федоров  |b А. Н. 
801 1 |a RU  |b 63413507  |c 20050609  |g PSBO 
801 2 |a RU  |b 63413507  |c 20130510  |g PSBO 
942 |c BK